Emmy - Comedy Quiz Stats

Quiz Updated Sep 17, 2017

Challenge
Share
Tweet
Embed
Score 0/40 Timer 06:00
1 Play Today
Year Comedy Name % Correct
2002Friends
84%
2013Modern Family
81.1%
2012Modern Family
80.5%
2014Modern Family
80.4%
1983Cheers
77.3%
1984Cheers
77.3%
1989Cheers
77.2%
1991Cheers
77.2%
1993Seinfeld
76.5%
200730 Rock
76.2%
200830 Rock
74.4%
2017Veep
72.9%
1994Frasier
70.7%
1995Frasier
70.7%
1996Frasier
70.7%
1997Frasier
70.7%
1998Frasier
70.7%
2016Veep
67%
2006The Office
63%
2015Veep
62.3%
Year Comedy Name % Correct
2003Everybody Loves Raymond
56.4%
2005Everybody Loves Raymond
56.4%
200930 Rock
50.3%
1985The Cosby Show
50.2%
1978All in the Family
47.9%
2004Arrested Development
43.4%
2000Will & Grace
39.5%
2001Sex and the City
37.1%
1979Taxi
33.2%
1980Taxi
33.2%
1981Taxi
33.2%
1986The Golden Girls
32.4%
1987The Golden Girls
32.4%
2010Modern Family
30.7%
2011Modern Family
28.1%
1990Murphy Brown
27.3%
1992Murphy Brown
27.3%
1999Ally McBeal
18.7%
1988The Wonder Years
13.7%
1982Barney Miller
11%

You're not logged in!

Compare scores with friends on all Sporcle quizzes.
Join for Free
OR
Log In

You Might Also Like...

Show Comments

Extras

Top Quizzes Today


Score Distribution

Your Account Isn't Verified!

In order to create a playlist on Sporcle, you need to verify the email address you used during registration. Go to your Sporcle Settings to finish the process.

Report this User

Report this user for behavior that violates our Community Guidelines.

Details: